R MARKDOWN THE DEFINITIVE GUIDE (Record no. 31606)
[ view plain ]
| 000 -LEADER | |
|---|---|
| fixed length control field | 00332nam a2200133Ia 4500 |
| 008 - FIXED-LENGTH DATA ELEMENTS--GENERAL INFORMATION | |
| fixed length control field | 240624s9999 xx 000 0 und d |
| 041 ## - LANGUAGE CODE | |
| Language code of text/sound track or separate title | eng |
| 082 ## - DEWEY DECIMAL CLASSIFICATION NUMBER | |
| Classification number | 006.74 XIE |
| 100 ## - MAIN ENTRY--PERSONAL NAME | |
| Personal name | XIE YIHUI |
| 245 ## - TITLE STATEMENT | |
| Title | R MARKDOWN THE DEFINITIVE GUIDE |
| 260 ## - PUBLICATION, DISTRIBUTION, ETC. | |
| Date of publication, distribution, etc. | 2019 |
| Place of publication, distribution, etc. | London |
| Name of publisher, distributor, etc. | CRC Press |
| 300 ## - PHYSICAL DESCRIPTION | |
| Extent | xxxiv, 303 p.; 23 cm. |
| 365 ## - TRADE PRICE | |
| Currency code | BPS |
| Price amount | 35 |
| Withdrawn status | Lost status | Damaged status | Not for loan | Home library | Current library | Shelving location | Date acquired | Total Checkouts | Full call number | Barcode | Date last seen | Date last checked out | Copy number | Price effective from | Koha item type |
|---|---|---|---|---|---|---|---|---|---|---|---|---|---|---|---|
| IMTN | IMTN | Rack 3-B | 04/24/2019 | 1 | 006.74 XIE | 31606 | 08/28/2024 | 07/06/2024 | 95.6 | 06/24/2024 | Books |